Methods for determination of reistivity of conductive and antistatic plastics and rubbers (Laboratory methods). (Record no. 73039)

MARC details
000 -LEADER
fixed length control field 00489nam a2200157Ia 4500
245 #0 - TITLE STATEMENT
Title Methods for determination of reistivity of conductive and antistatic plastics and rubbers (Laboratory methods).
260 ## - PUBLICATION, DISTRIBUTION, ETC. (IMPRINT)
Year of publication 1984
500 ## - GENERAL NOTE
General note Standard number: BS 2044
650 ## - SUBJECT ADDED ENTRY--TOPICAL TERM
Topical Term Antistatic plastics
650 ## - SUBJECT ADDED ENTRY--TOPICAL TERM
Topical Term Antistatic rubber
650 ## - SUBJECT ADDED ENTRY--TOPICAL TERM
Topical Term Conductive rubber
650 ## - SUBJECT ADDED ENTRY--TOPICAL TERM
Topical Term Laboratory methods
650 ## - SUBJECT ADDED ENTRY--TOPICAL TERM
Topical Term Resistivity test
942 ## - ADDED ENTRY ELEMENTS (KOHA)
Koha item type Standards
Holdings
Withdrawn status Lost status Damaged status Not for loan Collection code Home library Current library Date acquired Koha item type
      Standards British standards RRII Library RRII Library 31/12/2021 Standards